The Place of Home : (Record no. 4070)
[ view plain ]
| 000 -LEADER | |
|---|---|
| fixed length control field | 00969nac a22002411u 4500 |
| 008 - FIXED-LENGTH DATA ELEMENTS--GENERAL INFORMATION | |
| fixed length control field | 130121s1995 enk||||| |||| 001 0 eng d |
| 010 ## - LIBRARY OF CONGRESS CONTROL NUMBER | |
| LC control number | 96158010 |
| 020 ## - INTERNATIONAL STANDARD BOOK NUMBER | |
| International Standard Book Number | 0419179801 |
| 020 ## - INTERNATIONAL STANDARD BOOK NUMBER | |
| International Standard Book Number | 9780419179801 |
| 082 ## - DEWEY DECIMAL CLASSIFICATION NUMBER | |
| Classification number | 643.10941 |
| Item number | RAV |
| Edition number | 22 |
| 100 ## - MAIN ENTRY--PERSONAL NAME | |
| Personal name | Ravetz, Alison. |
| 9 (RLIN) | 31933 |
| 245 14 - TITLE STATEMENT | |
| Title | The Place of Home : |
| Remainder of title | English Domestic Environments, 1914-2000 / |
| Statement of responsibility, etc | Alison Ravetz with Richard Turkington. |
| 250 ## - EDITION STATEMENT | |
| Edition statement | 1st ed. |
| 260 ## - PUBLICATION, DISTRIBUTION, ETC. (IMPRINT) | |
| Place of publication, distribution, etc | London ; |
| -- | New York : |
| Name of publisher, distributor, etc | E & FN Spon, |
| Date of publication, distribution, etc | 1995. |
| 300 ## - PHYSICAL DESCRIPTION | |
| Extent | vii, 243 p. : |
| Other physical details | ill. ; |
| Dimensions | 26 cm. |
| 440 #0 - | |
| -- | Studies in history, planning, and the environment ; |
| -- | 16 |
| -- | 31934 |
| 504 ## - BIBLIOGRAPHY, ETC. NOTE | |
| Bibliography, etc | Includes bibliographical references (p. [225]-236) and index. |
| 650 #0 - SUBJECT ADDED ENTRY--TOPICAL TERM | |
| Topical term or geographic name as entry element | Dwellings |
| General subdivision | Social aspects |
| Geographic subdivision | England. |
| 9 (RLIN) | 31935 |
| 650 #0 - SUBJECT ADDED ENTRY--TOPICAL TERM | |
| Topical term or geographic name as entry element | Architecture, Domestic |
| General subdivision | Social aspects |
| Geographic subdivision | England. |
| 9 (RLIN) | 31936 |
| 651 #0 - SUBJECT ADDED ENTRY--GEOGRAPHIC NAME | |
| Geographic name | Great Britain |
| General subdivision | Social conditions |
| Chronological subdivision | 20th century. |
| 9 (RLIN) | 31937 |
| 700 1# - ADDED ENTRY--PERSONAL NAME | |
| Personal name | Turkington, Richard. |
| 9 (RLIN) | 31938 |
| 942 ## - ADDED ENTRY ELEMENTS (KOHA) | |
| Item type | Book - Borrowing |
| Call number prefix | 643.10941 RAV |
| Source of classification or shelving scheme | Dewey Decimal Classification |
| Withdrawn status | Item status | Source of classification or shelving scheme | Damaged status | Not for loan | Vendor | Home library | Current library | Shelving location | Date acquired | Source of acquisition | Total Checkouts | Full call number | Barcode | Date last seen | Date last borrowed | Koha item type |
|---|---|---|---|---|---|---|---|---|---|---|---|---|---|---|---|---|
| Dewey Decimal Classification | Central Library | Central Library | First floor | 19/08/2007 | 1 | 643.10941 RAV | 000000083 | 15/07/2025 | 06/01/2009 | Book - Borrowing |